Les conditions du travail en Espagne (Record no. 154182)

MARC details
000 -LEADER
campo de control de longitud fija 01109nam a2200253 i 4500
001 - NÚMERO DE CONTROL
campo de control 154182
003 - IDENTIFICADOR DE NÚMERO DE CONTROL
campo de control ES-MaACL
005 - FECHA Y HORA DE LA ÚLTIMA TRANSACCIÓN
campo de control 20250905063051.0
008 - DATOS DE LONGITUD FIJA--INFORMACIÓN GENERAL
campo de control de longitud fija 990727s1890 fr |||| | fre d
040 ## - FUENTE DE CATALOGACIÓN
Centro catalogador/agencia de origen CCPB | B
Lengua de catalogación spa
Centro/agencia transcriptor CCPB | B
100 1# - ENTRADA PRINCIPAL--NOMBRE DE PERSONA
Nombre de persona Cambon, Paul,
Fechas asociadas al nombre 1843-1924
9 (RLIN) 160741
245 14 - MENCIÓN DEL TÍTULO
Título Les conditions du travail en Espagne
Resto del título : rapport adressé au Ministre des Affaires Étrangères /
Mención de responsabilidad, etc. par M. Cambon.
260 ## - PUBLICACIÓN, DISTRIBUCIÓN, ETC.
Lugar de publicación, distribución, etc. Paris ;
-- Nancy :
Nombre del editor, distribuidor, etc. Berger-Levrault et Cie,
Fecha de publicación, distribución, etc. 1890.
300 ## - DESCRIPCIÓN FÍSICA
Extensión 78 p. ;
Dimensiones 23 cm.
490 1# - MENCIÓN DE SERIE
Mención de serie Recueil de rapports sur les conditions du travail dans les pays étrangers adressés au Ministre des Affaires Étrangeres
596 ## - NOTA AL PIE DE IMPRENTA
NOTA AL PIE DE IMPRENTA Marca del ed. en port.
597 ## - NOTA DE DESCRIPCIÓN FÍSICA
NOTA DE DESCRIPCIÓN FÍSICA Antep.
650 04 - PUNTO DE ACCESO ADICIONAL DE MATERIA--TÉRMINO DE MATERIA
Término de materia o nombre geográfico como elemento de entrada Trabajo-
Subdivisión general España.
9 (RLIN) 17593
650 #4 - PUNTO DE ACCESO ADICIONAL DE MATERIA--TÉRMINO DE MATERIA
Término de materia o nombre geográfico como elemento de entrada Trabajo-
Subdivisión geográfica Portugal.
9 (RLIN) 161252
830 0# - PUNTO DE ACCESO ADICIONAL DE SERIE-TÍTULO UNIFORME
Título uniforme Recueil de rapports sur les conditions du travail dans les pays étrangers adressés au Ministre des Affaires Étrangeres
9 (RLIN) 187853
852 ## - LOCALIZACIÓN
Ubicación ES-MaACL
Número de control de estantería G-10806(1)
Nota libre -- Enc. pasta española conservando la original
-- -- Donativo de Azcárate
942 ## - ELEMENTOS DE ENTRADA SECUNDARIOS (KOHA)
Fuente del sistema de clasificación o colocación Clasificación decimal universal
Holdings
Estatus retirado Estado de pérdida Estado de daño No para préstamo Colección Biblioteca de origen Biblioteca actual Ubicación en estantería Fecha de adquisición Fuente de adquisición Total de préstamos Signatura topográfica completa Código de barras Visto por última vez Precio de reemplazo Tipo de ítem Koha
        Libros del s. XIX Biblioteca del Ateneo de Madrid Biblioteca del Ateneo de Madrid Sala Pecera Planta 3 17/01/2008     G-10806(1) 1161221 23/02/2023 23/02/2023 Libro impreso antiguo